000 00259nam a2200109Ia 4500
008 220204s9999 xx 000 0 und d
082 _a82-3
_bPET
100 _aPeters, Sue
245 0 _aOne special rose
260 _aLondon
_bMills and Boon
_c1976
942 _cBK
999 _c33188
_d33188